000 00561nam a2200217Ia 4500
003 OSt
005 20220926044924.0
006 a|||||r|||| 00| 0
007 ta
008 220923b |||||||| |||| 00| 0 eng d
037 _cGeneral Book
040 _aRTL
_cRTL
_beng
041 _2eng
_aeng
082 _aV44Q7.N4, H4
100 _aRizvi Begum Firdaus
_9349549
245 0 _aPakistan defined
260 _c1944
650 _aPakistan History
_928228
942 _hV44Q7.N4, H4
_cGB
_2CC
999 _c676162
_d676162